zpět

Detail výsledku týmu

Hells Bells Beer Pub, Praha

Datum a čas kvízu

26 Celkem bodů Celkový počet nahraných bodů na tomto kvízu bez doplňovacích otázek.
4. Pořadí na kvízu Konečné umístění týmu na tomto kvízu.

Zaznamenané odpovědi

# Otázka Odpověď Body Výsledky
1. O tom, že v minulém týdnu Univ... JUDr. a PhDr. 0
2. Dvacetiletá americká studentka... před svým domem hrála frisbee nahoře bez 0
3. V úterý 3. prosince vystoupí v... Miro Žbirka 1
4. Listopadové události si připom... Amnestie 1
5. Své třicáté narozeniny před ne... Jakub Voráček 1
6. I tentokrát se podíváme na naš... Kalich 1
7. Současnou Prahu si již ani ned... Tančíčí dům 1
8. Jak se nazývá tento významný d... Dům U Minuty, gotika 0
9. První úsek pražského metra byl... Florenc, Kačerov 0.5
10. Kterou z těchto povídek nenajd... D 0